- Pinkevich, A. P.
Entry Nombre Personal
001 - NUMERO DE CONTROL
- campo de control: 51535
003 - IDENTIFICADOR DE NUMERO DE CONTROL
- campo de control: DLC
005 - FECHA Y HORA DE LA ÜLTIMA TRANSACCIÓN
- campo de control: 20240412144603.0
008 - DATOS DE LONGITUD FIJA
- campo de control de longitud fija: 000419n| azannaabn |a aaa c
010 ## - NÚMERO DE CONTROL DE LA BIBLIOTECA DEL CONGRESO
- Número de control LC: nr 00013619
024 7# - OTROS IDENTIFICADORES NORMALIZADOS
- Número normalizado o código: 0000000116174759
- Fuente: isni
024 7# - OTROS IDENTIFICADORES NORMALIZADOS
- Número normalizado o código: 84281399
- Fuente: viaf
024 7# - OTROS IDENTIFICADORES NORMALIZADOS
- Número normalizado o código: Q20083893
- Fuente: wikidata
035 ## - NUMERO DE CONTROL
- Número de control: (OCoLC)oca05203585
040 ## - FUENTE DE CATALOGACIÓN
- Agencia original de catalogación: CSt
- Lenguaje de catalogación: spa
- Description conventions: rda
- Agencia de transcripción: CSt
- Agencia que lo modifica: CSt
- Agencia que lo modifica: DLC
- Agencia que lo modifica: OU
- Agencia que lo modifica: MX-MxUPN
046 ## - FECHAS CON CODIFICACIÓN ESPECIAL
- Fecha de nacimiento: 1884-01-05
- Fecha de muerte: 1937-12-25
- Fuente del formato de fecha: edtf
100 1# - ENCABEZAMIENTO - NOMBRE PERSONAL
- Nombre personal: Pinkevich, A. P.
- Fuller form of name: (Alʹbert Petrovich),
- Fechas asociadas con el nombre: 1884-1937
370 ## - LUGAR ASOCIADO
- Place of birth: Urunda (Rusia)
370 ## - LUGAR ASOCIADO
- Place of death: Moscú
- Associated country: Rusia
- Associated country: Unión Soviética
372 ## - CAMPO DE ACTIVIDAD
- Field of activity: Ciencia del suelo
- Field of activity: Enseñanza
374 ## - OCUPACIÓN
- Occupation: Profesor
378 ## - FORMA COMPLETA DE NOMBRE PERSONAL
- Fuller form of personal name: Alʹbert Petrovich
400 1# - VEÁSE - NOMBRE DE PERSONA
- Control subfield: nnea
- Personal name: Pinkevich, A. P.
- Fuller form of name: (Alʹbert Petrovich),
- Dates associated with a name: b. 1884
400 1# - VEÁSE - NOMBRE DE PERSONA
- Personal name: Pinkevich, Alʹbert Petrovich,
- Dates associated with a name: 1884-1937
400 1# - VEÁSE - NOMBRE DE PERSONA
- Personal name: Alberto Pinkevich, Alberto,
- Dates associated with a name: 1884-1937
670 ## - FUENTE EN LA QUE SE LOCALIZARON DATOS
- Cita de la fuente: I.G. Pestalot︠s︡t︠s︡i, 1933:
- Información localizada: t.p. (A.P. Pinkevich)
670 ## - FUENTE EN LA QUE SE LOCALIZARON DATOS
- Cita de la fuente: RLIN, Apr. 19, 2000
- Información localizada: (hdg.: Pinkevich, Alʹbert Petrovich, 1884- ; usage: A. Pinkevich)
670 ## - FUENTE EN LA QUE SE LOCALIZARON DATOS
- Cita de la fuente: Pervyĭ rektor Tretʹego pedagogicheskogo instituta v Petrogade, 2007:
- Información localizada: t.p. (A.P. Pinkevicha) picture caption (1883-1937)
670 ## - FUENTE EN LA QUE SE LOCALIZARON DATOS
- Cita de la fuente: Wikidata, August 17, 2022
- Información localizada: (alias: A. P. Pinkevich, Alʹbert Petrovich, Albiert Pietrowicz Pinkiewicz, Albiert Pinkiewicz, Альберт Пинкевич, Альберт Петрович Пинкевич, Пинкевич; instance of: human; date of birth: +1884-01-05T00:00:00Z; date of death: +1937-12-25T00:00:00Z; member of political party: Communist Party of the Soviet Union; educated at: Kazan Federal University, Kazan Imperial University; field of work: pedagogy; academic degree: Doktor Nauk in Pedagogy; employer: Moscow State Pedagogical University; place of birth: Urunda; country of citizenship: Russian Empire, Soviet Union; occupation: scientist; place of death: Moscow; sex or gender: male; Bashkir encyclopedia (Bashkir version: ID (former scheme)) 12044; FAST-ID: 1841573; Google Knowledge Graph ID: /g/11bwf640cp; LCAuth identifier: nr00013619; NDL identifier: 00550621; NKC identifier: js2008439232; NUKAT authorities: n2013145855; WorldCat Identities ID: lccn-nr00013619)
- Uniform Resource Identifier: https://www.wikidata.org/wiki/Q20083893
670 ## - FUENTE EN LA QUE SE LOCALIZARON DATOS
- Cita de la fuente: La nueva educación en la Rusia soviética :‡bfilosofía, técnica, realizaciones, 1939:
- Información localizada: portada (Alberto Pinkevich)
902 ## - CATALOGADOR
- Catalogador: Víctor Ruiz/120424
